000 00747nam a2200241 4500
003 OSt
005 20260601193853.0
008 260506b be a|||| |||| 00| 0 eng d
020 _a9789174170221
040 _aICI
_bspa
_cICI
050 _aTH9445
_bD6 2008
245 1 _aDo it yourself safety at home.
264 _bIMP Books for IKEA FAMILY Belgium
_c2008.
_aBelgium :
300 _a117 páginas
_c25cm.
336 _atexto
_2rdacontent
337 _asin medio
_2rdamedia
338 _avolumen
_2rdacarrier
650 _aHome safety.
_932643
650 _aAccident prevention
_xHome.
_932644
650 _aDwellings
_xMaintenance and repair
_xSafety measures.
_932645
650 _aDo-it-yourself work
_xSafety measures.
_932646
942 _2lcc
_cB
999 _c21942
_d21942